El Lagar de la Viñuela (Record no. 163413)
[ view plain ]
| 000 -LEADER | |
|---|---|
| campo de control de longitud fija | 00612nam a2200181 i 4500 |
| 001 - NÚMERO DE CONTROL | |
| campo de control | 163413 |
| 003 - IDENTIFICADOR DE NÚMERO DE CONTROL | |
| campo de control | ES-MaACL |
| 005 - FECHA Y HORA DE LA ÚLTIMA TRANSACCIÓN | |
| campo de control | 20250730063144.0 |
| 008 - DATOS DE LONGITUD FIJA--INFORMACIÓN GENERAL | |
| campo de control de longitud fija | 940301s1897 sp |||| | spa d |
| 040 ## - FUENTE DE CATALOGACIÓN | |
| Centro catalogador/agencia de origen | AS |
| Lengua de catalogación | spa |
| 100 1# - ENTRADA PRINCIPAL--NOMBRE DE PERSONA | |
| Nombre de persona | Reyes, Arturo, |
| Fechas asociadas al nombre | 1864-1913 |
| 9 (RLIN) | 96560 |
| 245 13 - MENCIÓN DEL TÍTULO | |
| Título | El Lagar de la Viñuela |
| Resto del título | : (novela andaluza) / |
| Mención de responsabilidad, etc. | Arturo Reyes. |
| 260 ## - PUBLICACIÓN, DISTRIBUCIÓN, ETC. | |
| Lugar de publicación, distribución, etc. | Madrid : |
| Nombre del editor, distribuidor, etc. | La España Editorial, |
| Fecha de publicación, distribución, etc. | [s.a.] |
| 300 ## - DESCRIPCIÓN FÍSICA | |
| Extensión | 326 p. ; |
| Dimensiones | 18 cm. |
| 596 ## - NOTA AL PIE DE IMPRENTA | |
| NOTA AL PIE DE IMPRENTA | Palau XVI, 397 lo fecha en 1897. |
| 852 ## - LOCALIZACIÓN | |
| Ubicación | ES-MaACL |
| Número de control de estantería | F-9998 |
| Nota libre | -- Enc. pasta |
| Encuadernación | -- Añadir en T260: (Sucesores de Rivadeneyra) |
| Estatus retirado | Estado de pérdida | Estado de daño | No para préstamo | Biblioteca de origen | Biblioteca actual | Ubicación en estantería | Fecha de adquisición | Fuente de adquisición | Total de préstamos | Signatura topográfica completa | Código de barras | Visto por última vez | Precio de reemplazo | Tipo de ítem Koha |
|---|---|---|---|---|---|---|---|---|---|---|---|---|---|---|
| Biblioteca del Ateneo de Madrid | Biblioteca del Ateneo de Madrid | Sala Pecera Planta 2 | 17/01/2008 | F-9998 | 1171242 | 23/02/2023 | 23/02/2023 | Libro impreso |
